Communication skills I : (Record no. 17424)
[ view plain ]
| 000 -LEADER | |
|---|---|
| fixed length control field | 00641nam a22002297a 4500 |
| 003 - CONTROL NUMBER IDENTIFIER | |
| control field | OSt |
| 005 - DATE AND TIME OF LATEST TRANSACTION | |
| control field | 20160128084814.0 |
| 008 - FIXED-LENGTH DATA ELEMENTS--GENERAL INFORMATION | |
| fixed length control field | 130130t xxu||||| |||| 00| 0 eng d |
| 020 ## - INTERNATIONAL STANDARD BOOK NUMBER | |
| International Standard Book Number | 971232849X |
| 050 ## - LIBRARY OF CONGRESS CALL NUMBER | |
| Classification number | PE 1130 |
| Item number | .B223 2000 |
| 082 ## - DEWEY DECIMAL CLASSIFICATION NUMBER | |
| Classification number | FIL 428 |
| Item number | B23 2000 |
| 100 ## - MAIN ENTRY--PERSONAL NAME | |
| Personal name | Baraceros, Esther L. |
| 245 ## - TITLE STATEMENT | |
| Title | Communication skills I : |
| Remainder of title | study and thinking skills / |
| Statement of responsibility, etc | Esther L. Baraceros. |
| 260 ## - PUBLICATION, DISTRIBUTION, ETC. (IMPRINT) | |
| Place of publication, distribution, etc | Manila : |
| Name of publisher, distributor, etc | Rex Book Store, |
| Date of publication, distribution, etc | 2000. |
| 300 ## - PHYSICAL DESCRIPTION | |
| Extent | 183 pages : |
| Dimensions | 23 cm. |
| Other physical details | illustrations, |
| 500 ## - GENERAL NOTE | |
| General note | Includes bibliography. |
| 526 ## - STUDY PROGRAM INFORMATION NOTE | |
| Reading level | 1210L-1700L |
| 562 ## - COPY AND VERSION IDENTIFICATION NOTE | |
| Number of copies | 2 |
| 942 ## - ADDED ENTRY ELEMENTS (KOHA) | |
| Source of classification or shelving scheme | Library of Congress Classification |
| Koha item type | Books |
| Call number prefix | Filipininana |
| Withdrawn status | Lost status | Source of classification or shelving scheme | Damaged status | Home library | Current library | Shelving location | Date acquired | Total Checkouts | Full call number | Barcode | Date last seen | Copy number | Price effective from | Koha item type | Total Renewals | Date checked out | Source of acquisition | Sub Shelving location |
|---|---|---|---|---|---|---|---|---|---|---|---|---|---|---|---|---|---|---|
| Library of Congress Classification | College Library | College Library | Filipiniana Section | 01/30/2013 | PE 1130 .B223 2000 | c5498 | 05/08/2018 | 1 | 01/30/2013 | Books | ||||||||
| Library of Congress Classification | College Library | College Library | Filipiniana Section | 05/14/2013 | 1 | PE 1130 .B223 2000 | c1149 | 08/31/2018 | 2 | 11/14/2013 | Books | 1 | 08/20/2018 | |||||
| Library of Congress Classification | College Library | College Library | Filipiniana Section | 05/15/2013 | PE 1130 .B223 2000 | c5499 | 05/08/2018 | 2 | 05/15/2013 | Books | ||||||||
| Library of Congress Classification | College Library | College Library | Filipiniana Section | 01/28/2016 | PE 1130 .B223 2000 | C20395 | 05/08/2018 | 01/28/2016 | Books | Donation |